Bezpečnosť jadrových elektrární vo vybraných krajinách EÚ

Analýza a vyhodnotenie bezpečnosti jadrových elektrární vo vybraných krajinách EÚ na základe záťažovej analýzy.

Na minha lista:
Detalhes bibliográficos
Autor principal: Zubaľová, Ľubica, 1969-
Formato: Capítulo de Livro
Idioma:eslovaco
Assuntos:
Tags: Adicionar Tag
Sem tags, seja o primeiro a adicionar uma tag!

MARC

LEADER 00000naa a2200000 4500
001 0195660
005 20240502073303.2
041 0 |a slo 
044 |a SK 
245 1 0 |a Bezpečnosť jadrových elektrární vo vybraných krajinách EÚ  |c Ľubica Zubaľová 
520 |a Analýza a vyhodnotenie bezpečnosti jadrových elektrární vo vybraných krajinách EÚ na základe záťažovej analýzy. 
610 2 0 |a elektrárne atómové 
610 2 0 |a Európska únia 
610 2 0 |a bezpečnosť energetická 
610 2 0 |a bezpečnosť európska 
100 1 |a Zubaľová, Ľubica, 1969-